000 00684nam a2200241Ia 4500
003 OSt
005 20221002051434.0
006 a|||||r|||| 00| 0
007 ta
008 220930b |||||||| |||| 00| 0 eng d
024 _a27841
037 _cReference Collections
040 _aCRL
_cCRL
_beng
041 _2eng
_aeng
082 _aC:(P111:4k), L8(RR)
100 _aLapedes Daniel N Ed.
245 0 _aMcGraw-Hill dictionary of physics and mathematics
260 _aNew York
_bMcgraw - Hill
_c1978
300 _a1061p
_ccm.
650 _aPHYSICS
942 _hC:(P111:4k), L8(RR)
_cref
_2CC
999 _c916895
_d916895